| 000 | nam a22 a 4500 | ||
|---|---|---|---|
| 999 |
_c3617 _d3617 |
||
| 003 | AKMAL | ||
| 005 | 20170523122244.0 | ||
| 008 | 170523s1982 -us 00 eng d | ||
| 020 | _a0534010725 | ||
| 040 |
_aAKMAL _cAKMAL |
||
| 082 | 0 | 4 | _a658.87 LUS |
| 090 |
_a658.87 _bLUS |
||
| 100 | 1 |
_aLusch, Robert F. _97167 |
|
| 245 | 1 |
_aManagement of retail enterprises / _cRobert F. Lusch |
|
| 260 |
_aBoston, Mass. : _bKent Pub. Co., _c1982 |
||
| 300 |
_axxiv, 631 p. : _bill. ; _c25 cm |
||
| 504 | _aIncludes bibliographies | ||
| 650 |
_aRetail trade _xManagement _97168 |
||
| 942 |
_2ddc _cBOOK |
||